000 00959nam a2200265Ia 4500
003 OSt
005 20221005105736.0
006 a|||||r|||| 00| 0
007 ta
008 221004b |||||||| |||| 00| 0 san d
020 _a9789385981036 (hbk)
_cINR 500.00
024 _a44900
037 _b928/19, 29/01/2019, Literacy House
_cTextual
040 _aCRL
_cCRL
_bsan
041 _2san
_asan
082 _aDelta2:864, 15Q6
100 _aरत्नलाल, ले.
245 0 _aबृहद्वकहोडाचक्रम्
246 _aBṛuhadvakahoḍāchakram
260 _aनई दिल्ली
_bसत्यम् पब्लिशिंग हाउस भारत
_c2016
300 _a161पृ0
_ccm.
650 _aज्योतिष शास्त्र
942 _hDelta2:864, 15Q6
_cTEXL
_2cc
999 _c1016769
_d1016769